000 00336nam a2200133 i 4500
001 bg
100 1 _aKORDYLEWSKI, Włodzimierz
245 0 _aTeoria wybuchu cieplnego i jej zastosowania /
_cW. Kordylewski.
260 _aWrocław,
_c1985.
040 _cBPK
041 _apol
942 _cKS
008 s pl f |000 0 pol
999 _c23240
_d23240
856 _uhttp://koha.tu.koszalin.pl/cgi-bin/koha/opac-detail.pl?biblionumber=23240
_yKatalog online BPK